[Event "EU-Cup 35th"]
[Site "Ulcinj"]
[Date "2019.11.15"]
[Round "6.27"]
[White "Carroll, Peter"]
[Black "Unger, Manfred"]
[Result "0-1"]
[WhiteElo "2038"]
[BlackElo "2117"]
[PlyCount "56"]
[EventDate "2019.11.10"]
[EventType "team-swiss"]
[EventRounds "7"]
[EventCountry "MNE"]
[SourceTitle "EXT 2021"]
[Source "ChessBase"]
[SourceDate "2020.10.23"]
[SourceVersion "1"]
[SourceVersionDate "2020.10.23"]
[SourceQuality "1"]
[WhiteTeam "Gonzaga"]
[BlackTeam "Ninja"]
[WhiteTeamCountry "IRL"]
[BlackTeamCountry "FIN"]

1. e4 c5 2. Ne2 g6 3. g3 Bg7 4. Bg2 Nc6 5. 0-0 e6 6. c3 Nge7 7. d4 cxd4 8. cxd4 d5 9. exd5 exd5 10. Nbc3 0-0 11. Bg5 Be6 12. Nf4 Qd7 13. Bxe7 Qxe7 14. Re1 Nxd4 15. Nxe6 fxe6 16. Nxd5 Qf7 17. Nf4 Rad8 18. Re4 e5 19. Nh3 h6 20. Qg4 Qf5 21. Rae1 b5 22. Qd1 g5 23. Qh5 Rc8 24. a3 a5 25. Rg4 Nf3+ 26. Bxf3 Qxf3 27. Rf1 Rc4 28. Nxg5 Qxg4 0-1